000
00236nam a2200097Ia 4500
001
644934
005
20250826153614.0
008
250824s9999 xx 000 0 und d
245
0
_a
Karlı Dağlarda Tatil
_c
J. Mario Simmel
260
_b
ALTIN
999
_c
644934
_d
644934